000 00286nam a2200109Ia 4500
008 230907s9999||||xx |||||||||||||| ||und||
082 _a327.5105491
_bGHU
245 0 _aChina-Pakistan relations :
260 _aOxford University Press,
_bKarachi :
_c2017
300 _a263 p.
942 _cBK
999 _c601311
_d601311